[Event "FRA-chT Top 16 GpA"]
[Site "Chartres"]
[Date "2022.06.14"]
[Round "6.6"]
[White "Rodshtein, Maxim"]
[Black "Da Silva, Quentin"]
[Result "1-0"]
[WhiteElo "2585"]
[BlackElo "2171"]
[PlyCount "67"]
[EventDate "2022.06.09"]
[EventType "team-tourn"]
[EventRounds "7"]
[EventCountry "FRA"]
[SourceTitle "CBM 208 Extra"]
[Source "ChessBase"]
[SourceDate "2022.07.31"]
[SourceVersion "1"]
[SourceVersionDate "2022.07.31"]
[SourceQuality "1"]
[WhiteTeam "Bischwiller"]
[BlackTeam "US Villejuif Echecs"]
[WhiteTeamCountry "FRA"]
[BlackTeamCountry "FRA"]

1. d4 Nf6 2. c4 g6 3. Nc3 Bg7 4. e4 d6 5. h3 0-0 6. Be3 e5 7. d5 Na6 8. Nf3 Nh5 9. g3 f5 10. exf5 gxf5 11. Ng5 Nf6 12. Qd2 h6 13. Nf3 Kh7 14. 0-0-0 b6 15. Be2 Nc5 16. Qc2 Nfe4 17. Nxe4 Nxe4 18. g4 Nc5 19. Rhg1 e4 20. gxf5 Bxf5 21. Nd4 Qf6 22. Nxf5 Qxf5 23. b4 Nb7 24. Bg4 Qe5 25. Bd4 Qf4+ 26. Be3 Qe5 27. Be6 Bf6 28. Rd4 a5 29. Rxe4 Qa1+ 30. Kd2 Qb2 31. Bf5+ Kh8 32. Qxb2 Bxb2 33. Rh4 Rf6 34. Bxh6 1-0

[Event "FRA-chT Top 16 GpA"]
[Site "Chartres"]
[Date "2022.06.12"]
[Round "4.4"]
[White "Stephan, Victor"]
[Black "Da Silva, Quentin"]
[Result "1-0"]
[WhiteElo "2390"]
[BlackElo "2171"]
[PlyCount "81"]
[EventDate "2022.06.09"]
[EventType "team-tourn"]
[EventRounds "7"]
[EventCountry "FRA"]
[SourceTitle "CBM 208 Extra"]
[Source "ChessBase"]
[SourceDate "2022.07.31"]
[SourceVersion "1"]
[SourceVersionDate "2022.07.31"]
[SourceQuality "1"]
[WhiteTeam "Chartres"]
[BlackTeam "US Villejuif Echecs"]
[WhiteTeamCountry "FRA"]
[BlackTeamCountry "FRA"]

1. d4 Nf6 2. c4 g6 3. Nc3 Bg7 4. e4 d6 5. Nf3 0-0 6. Be2 e5 7. 0-0 Nc6 8. d5 Ne7 9. Ne1 Nd7 10. Nd3 f5 11. Bd2 Nf6 12. f3 f4 13. c5 g5 14. Rc1 Ng6 15. Nb5 Rf7 16. Ba5 b6 17. cxd6 cxd6 18. Be1 Ne8 19. Nb4 h5 20. Nc6 Qf6 21. Nbxa7 Bd7 22. Qb3 g4 23. Qxb6 Bf8 24. Rc2 Rg7 25. b3 Nh4 26. Nb8 Rxb8 27. Qxb8 Nxg2 28. Bb5 Nxe1 29. Rxe1 gxf3+ 30. Kh1 Rg2 31. Rxg2+ fxg2+ 32. Kg1 f3 33. Qb6 Bxb5 34. Nxb5 Be7 35. Qf2 Qf4 36. Re3 Nf6 37. Qxf3 Qxf3 38. Rxf3 Nxe4 39. Kxg2 Bg5 40. Nc3 Nf6 41. Rg3 1-0

[Event "FRA-chT Top 12"]
[Site "Chalons en Champagne"]
[Date "2021.06.27"]
[Round "4.2"]
[White "Adrian, Claude"]
[Black "Da Silva, Quentin"]
[Result "1/2-1/2"]
[WhiteElo "2240"]
[BlackElo "2164"]
[PlyCount "72"]
[EventDate "2021.06.24"]
[EventType "team-tourn"]
[EventRounds "11"]
[EventCountry "FRA"]
[SourceTitle "CBM 203 Extra"]
[Source "ChessBase"]
[SourceDate "2021.09.30"]
[SourceVersion "1"]
[SourceVersionDate "2021.09.30"]
[SourceQuality "1"]
[WhiteTeam "Vandoeuvre"]
[BlackTeam "Villejuif"]
[WhiteTeamCountry "FRA"]
[BlackTeamCountry "FRA"]

1. Nf3 Nf6 2. c4 g6 3. g3 Bg7 4. Bg2 0-0 5. d4 d6 6. 0-0 Nbd7 7. Nc3 e5 8. e4 b6 9. Qc2 Bb7 10. Rd1 exd4 11. Nxd4 Rb8 12. b4 Re8 13. Rb1 Qe7 14. f3 a6 15. Nd5 Nxd5 16. cxd5 Ne5 17. Rb3 Qd7 18. f4 Ng4 19. h3 Nf6 20. Rc3 Re7 21. Nc6 Bxc6 22. Rxc6 Rbe8 23. e5 dxe5 24. d6 cxd6 25. Rdxd6 Qa7 26. Rxf6 Bxf6 27. Rxf6 exf4 28. Bxf4 Re1+ 29. Kh2 R1e2 30. Qc6 b5 31. Bd6 Qd4 32. Bc5 Rxg2+ 33. Kxg2 Re2+ 34. Kh1 Re1+ 35. Kg2 Re2+ 36. Kh1 Re1+ 1/2-1/2

[Event "FRA-ch op-A"]
[Site "Chartres"]
[Date "2019.??.??"]
[Round "7"]
[White "Da Silva, Quentin"]
[Black "Amoyal, Pierre"]
[Result "1/2-1/2"]
[WhiteElo "2105"]
[BlackElo "2117"]
[PlyCount "70"]
[EventDate "2019.08.17"]
[EventType "swiss"]
[EventRounds "9"]
[EventCountry "FRA"]
[SourceTitle "EXT 2020"]
[Source "ChessBase"]
[SourceDate "2019.10.17"]
[SourceVersion "1"]
[SourceVersionDate "2019.10.17"]
[SourceQuality "1"]

1. e4 e5 2. Nf3 Nc6 3. Bb5 a6 4. Ba4 Nf6 5. 0-0 Be7 6. Qe2 b5 7. Bb3 0-0 8. c3 d5 9. exd5 Bg4 10. d3 Na5 11. Qxe5 Nxb3 12. axb3 Bxf3 13. gxf3 Bd6 14. Qf5 Nxd5 15. Bg5 Ne7 16. Bxe7 Qxe7 17. Nd2 g6 18. Qg4 f5 19. Qg2 Qe2 20. Rad1 Rfe8 21. f4 Bxf4 22. Rfe1 Qxe1+ 23. Rxe1 Rxe1+ 24. Nf1 Rd8 25. Qf3 Bc1 26. Kg2 Bxb2 27. Qf4 Rxd3 28. Qxc7 Rxc3 29. Qd8+ Kg7 30. Qd2 Rb1 31. Qd7+ Kh6 32. Qd2+ Kg7 33. Qd7+ Kh6 34. Qd2+ Kg7 35. Qd7+ Kh6 1/2-1/2

[Event "Asnieres Challenge blitz"]
[Site "Asnieres sur Seine"]
[Date "2017.06.11"]
[Round "15.4"]
[White "Ahmed Holi Ali, Moawia"]
[Black "Da Silva, Quentin"]
[Result "1/2-1/2"]
[WhiteElo "2280"]
[BlackElo "2080"]
[PlyCount "93"]
[EventDate "2017.06.10"]
[EventType "swiss (blitz)"]
[EventRounds "15"]
[EventCountry "FRA"]
[SourceTitle "EXT 2024"]
[Source "ChessBase"]
[SourceDate "2023.10.10"]
[SourceVersion "1"]
[SourceVersionDate "2023.10.10"]
[SourceQuality "1"]

1. e4 c5 2. Nf3 d6 3. d4 cxd4 4. Nxd4 Nf6 5. Nc3 g6 6. Be2 Bg7 7. Be3 0-0 8. Qd2 Nc6 9. 0-0-0 Nxd4 10. Bxd4 Be6 11. f3 Qa5 12. Kb1 Rfc8 13. Bxf6 Bxf6 14. Nd5 Qxd2 15. Nxf6+ Kg7 16. Nh5+ gxh5 17. Rxd2 h4 18. g4 Bc4 19. Bxc4 Rxc4 20. h3 Rac8 21. Rhh2 R8c5 22. Rhe2 Kf6 23. f4 h6 24. Rd3 a5 25. c3 b5 26. Kc2 b4 27. Ree3 bxc3 28. b3 Rb4 29. a3 Rb7 30. Rxc3 Rcb5 31. Rc6 Ke6 32. a4 Rc5+ 33. Rc3 Rxc6 34. Rxc6 Rb4 35. Rc4 Rxc4+ 36. bxc4 Kd7 37. Kc3 e5 38. fxe5 dxe5 39. Kd3 Kc6 40. Kd2 Kc5 41. Kc3 f6 42. Kc2 Kxc4 43. Kd2 Kb4 44. Kd3 Kxa4 45. Kc4 Ka3 46. Kc3 Ka4 47. Kc4 1/2-1/2

[Event "Asnieres Challenge blitz"]
[Site "Asnieres sur Seine"]
[Date "2017.06.11"]
[Round "12.3"]
[White "Da Silva, Quentin"]
[Black "Pozdnjakov, Viatcheslav"]
[Result "1-0"]
[WhiteElo "2080"]
[BlackElo "2370"]
[PlyCount "143"]
[EventDate "2017.06.10"]
[EventType "swiss (blitz)"]
[EventRounds "15"]
[EventCountry "FRA"]
[SourceTitle "EXT 2024"]
[Source "ChessBase"]
[SourceDate "2023.10.10"]
[SourceVersion "1"]
[SourceVersionDate "2023.10.10"]
[SourceQuality "1"]

1. e4 e6 2. d3 d5 3. Qe2 dxe4 4. dxe4 e5 5. Nf3 Nc6 6. c3 Nf6 7. g3 Bd6 8. Bg2 0-0 9. 0-0 a5 10. Rd1 Qe7 11. h3 b6 12. c4 Bb7 13. Nc3 Rfd8 14. Bg5 Qe6 15. Nd5 Rd7 16. Bxf6 gxf6 17. Nh4 Nd4 18. Qh5 Kh8 19. Nf5 Rg8 20. Nxd4 exd4 21. Rxd4 Bc5 22. Rd3 Ba6 23. Nf4 Qe7 24. Rxd7 Qxd7 25. Nd5 Qd6 26. Qf3 Rxg3 27. Qxf6+ Qxf6 28. Nxf6 Rg6 29. Nd5 c6 30. Ne3 Bxe3 31. fxe3 Bxc4 32. Kf2 Kg7 33. b3 Ba6 34. Rd1 Kf8 35. Rd8+ Ke7 36. Rb8 c5 37. Rh8 h6 38. Bf3 Bd3 39. Rb8 Bb1 40. a3 Ba2 41. Rb7+ Kf8 42. Bd1 Rd6 43. Ke1 Rd3 44. Ke2 Rd6 45. Rb8+ Kg7 46. Re8 Rg6 47. Kf2 Rf6+ 48. Ke2 Re6 49. Rxe6 fxe6 50. Bc2 e5 51. Kd2 c4 52. b4 axb4 53. axb4 b5 54. Kc3 Kf6 55. Bd1 Kg5 56. Bg4 Bb1 57. Bd7 Bxe4 58. Bxb5 Bd3 59. Bxc4 Bf5 60. b5 Bxh3 61. Bd5 Bc8 62. b6 h5 63. b7 Bxb7 64. Bxb7 Kf5 65. Kd3 h4 66. Bh1 h3 67. Ke2 Kg4 68. Kf2 Kh4 69. Kf3 h2 70. Ke4 Kg3 71. Kxe5 Kf2 72. Kf4 1-0

[Event "Nancy Meurthe blitz"]
[Site "Nancy"]
[Date "2017.02.18"]
[Round "2"]
[White "Nevednichy, Vladislav"]
[Black "Da Silva, Quentin"]
[Result "1-0"]
[WhiteElo "2548"]
[BlackElo "2146"]
[PlyCount "81"]
[EventDate "2017.02.18"]
[EventType "swiss (blitz)"]
[EventRounds "11"]
[EventCountry "FRA"]
[SourceTitle "CBM 176 Extra"]
[Source "ChessBase"]
[SourceDate "2017.03.02"]
[SourceVersion "1"]
[SourceVersionDate "2017.03.02"]
[SourceQuality "1"]

1. Nf3 c5 2. e4 d6 3. Bb5+ Nd7 4. 0-0 a6 5. Bxd7+ Bxd7 6. d4 cxd4 7. Qxd4 Nf6 8. Bg5 e6 9. c4 Be7 10. Nc3 0-0 11. Rfd1 Bc6 12. Rac1 Qd7 13. Qe3 Qc7 14. Qe2 Rfd8 15. Bf4 Qa5 16. h3 Rac8 17. Bd2 Qh5 18. Re1 b5 19. cxb5 axb5 20. a3 Rb8 21. Nd4 Qxe2 22. Rxe2 Bd7 23. Nc2 Rdc8 24. Ree1 Bc6 25. Nb4 Ba8 26. Bf4 Rd8 27. Rcd1 e5 28. Bg5 h6 29. Bxf6 Bxf6 30. Ncd5 Bxd5 31. exd5 Rdc8 32. Nc6 Rb7 33. Re4 Rbc7 34. Rb4 Rb7 35. g3 Kf8 36. Kg2 Be7 37. Rd3 f5 38. Rdb3 Kf7 39. Rxb5 Rxb5 40. Rxb5 Ra8 41. Rb7 1-0

[Event "FRA-ch op-A"]
[Site "Agen"]
[Date "2016.08.17"]
[Round "5"]
[White "Da Silva, Quentin"]
[Black "Helstroffer, Arnaud"]
[Result "0-1"]
[WhiteElo "2110"]
[BlackElo "2064"]
[PlyCount "84"]
[EventDate "2016.08.12"]
[EventType "swiss"]
[EventRounds "9"]
[EventCountry "FRA"]
[SourceTitle "EXT 2017"]
[Source "ChessBase"]
[SourceDate "2016.10.25"]
[SourceVersion "1"]
[SourceVersionDate "2016.10.25"]
[SourceQuality "1"]

1. e4 e6 2. d3 d5 3. Qe2 Be7 4. Nf3 b6 5. g3 Nf6 6. e5 Nfd7 7. Bg2 Bb7 8. 0-0 c5 9. c4 d4 10. h4 h6 11. h5 Qc7 12. Na3 Bc6 13. b4 0-0 14. Re1 a6 15. Nc2 Rd8 16. Rb1 Nf8 17. Bf4 Nbd7 18. Kh2 Rab8 19. Bh1 b5 20. bxc5 bxc4 21. dxc4 Rxb1 22. Rxb1 d3 23. Qxd3 Nxc5 24. Qe2 Be4 25. Nfe1 Bxh1 26. Kxh1 Qa5 27. Nb4 Qa4 28. Qc2 Rb8 29. Nd5 Qxc2 30. Nxe7+ Kh7 31. Nxc2 Rxb1+ 32. Kg2 Rb2 33. Ne3 Nd3 34. Kf3 Rxa2 35. Ke4 Nc5+ 36. Kd4 Nfd7 37. Nd1 Ra3 38. Nb2 Rb3 39. Bc1 a5 40. Nc6 a4 41. Na5 a3 42. Nxb3 Nxb3+ 0-1

[Event "Andorra op 34th"]
[Site "Escaldes"]
[Date "2016.08.10"]
[Round "8"]
[White "Eden, James"]
[Black "Da Silva, Quentin"]
[Result "1-0"]
[WhiteElo "2320"]
[BlackElo "2110"]
[PlyCount "113"]
[EventDate "2016.08.03"]
[EventType "swiss"]
[EventRounds "9"]
[EventCountry "AND"]
[SourceTitle "CBM 173 Extra"]
[Source "ChessBase"]
[SourceDate "2016.08.29"]
[SourceVersion "1"]
[SourceVersionDate "2016.08.29"]
[SourceQuality "1"]

1. e4 c5 2. Nf3 d6 3. d4 cxd4 4. Nxd4 Nf6 5. Nc3 g6 6. f4 Nc6 7. Nxc6 bxc6 8. e5 Nd7 9. Be3 Bg7 10. exd6 0-0 11. Be2 exd6 12. Qxd6 Re8 13. Qd2 Qe7 14. Bd4 Bxd4 15. Qxd4 Ba6 16. 0-0-0 Bxe2 17. Rde1 Nf8 18. Rxe2 Ne6 19. Qc4 Rab8 20. a3 Rb7 21. Qxc6 Reb8 22. Nd5 Qd8 23. Rxe6 fxe6 24. Qxe6+ Kg7 25. Qe5+ Kf7 26. b3 Rd7 27. Nb4 Rb6 28. Re1 a5 29. Nd3 Rbd6 30. Qe4 Kg7 31. g4 Rxd3 32. cxd3 Rxd3 33. Qe7+ Qxe7 34. Rxe7+ Kf6 35. Rb7 Rf3 36. Rb5 Rxf4 37. g5+ Ke6 38. Rxa5 Rh4 39. Rb5 Rxh2 40. a4 Kd6 41. a5 Kc6 42. Rb4 Rh1+ 43. Kb2 Rh2+ 44. Ka3 Rh1 45. Rb6+ Kc7 46. Rf6 Rh5 47. Ka4 Rxg5 48. Rf7+ Kb8 49. Rxh7 Rf5 50. Rg7 Rf6 51. b4 Re6 52. Rf7 Re8 53. a6 Rg8 54. Ka5 g5 55. b5 g4 56. a7+ Ka8 57. Ka6 1-0

[Event "Andorra op 34th"]
[Site "Escaldes"]
[Date "2016.08.09"]
[Round "7"]
[White "Da Silva, Quentin"]
[Black "Nieves Cabanes, Jose Manuel"]
[Result "1-0"]
[WhiteElo "2110"]
[BlackElo "2227"]
[PlyCount "151"]
[EventDate "2016.08.03"]
[EventType "swiss"]
[EventRounds "9"]
[EventCountry "AND"]
[SourceTitle "CBM 173 Extra"]
[Source "ChessBase"]
[SourceDate "2016.08.29"]
[SourceVersion "1"]
[SourceVersionDate "2016.08.29"]
[SourceQuality "1"]

1. e4 e5 2. Nf3 Nc6 3. Bb5 a6 4. Ba4 Nf6 5. 0-0 Be7 6. Qe2 b5 7. Bb3 0-0 8. c3 d5 9. exd5 Nxd5 10. Nxe5 Nxe5 11. Qxe5 Bb7 12. d4 Bd6 13. Qf5 g6 14. Qg5 Qd7 15. f4 Be7 16. Qg3 c5 17. Nd2 Qf5 18. Nf3 Rad8 19. Bd2 Bd6 20. Ne5 Nf6 21. Be3 c4 22. Bd1 h5 23. Rc1 Ne4 24. Qh4 Kg7 25. g4 hxg4 26. Bxg4 Qf6 27. Qxf6+ Nxf6 28. Bf3 Nd5 29. Bd2 Ba8 30. Bg2 f6 31. Ng4 Rfe8 32. Rf2 Re7 33. f5 gxf5 34. Nh6 Ree8 35. Nxf5+ Kf7 36. Nxd6+ Rxd6 37. h3 Rg8 38. Kh2 Ke6 39. Re1+ Kf7 40. Bf3 Rh8 41. Bg4 Bc6 42. Bf4 Nxf4 43. Rxf4 Rh6 44. Rf2 Bd7 45. Bxd7 Rxd7 46. Rf5 Rd6 47. Rc5 Rh8 48. Kg3 Rg8+ 49. Kf3 Rh8 50. Rc7+ Kg6 51. Kg3 Rd5 52. h4 Rg8 53. Kh3 Rh8 54. Rg1+ Kf5 55. Rf1+ Ke4 56. Rxf6 Rdh5 57. Re7+ Kd3 58. Rf4 a5 59. Re5 Rxe5 60. dxe5 b4 61. Rd4+ Kc2 62. Rxc4 Kxb2 63. cxb4 a4 64. b5 a3 65. Kg4 Kxa2 66. Kg5 Kb3 67. Rc1 a2 68. e6 Kb4 69. e7 Kxb5 70. Ra1 Kc6 71. Rxa2 Kd7 72. Ra7+ Ke6 73. Kg6 Rg8+ 74. Kh7 Re8 75. Kg7 Rb8 76. h5 1-0

[Event "FRA-ch op-B"]
[Site "Nancy"]
[Date "2013.08.22"]
[Round "10"]
[White "Audin, Gilles"]
[Black "Da Silva, Quentin"]
[Result "1/2-1/2"]
[WhiteElo "1981"]
[BlackElo "1848"]
[PlyCount "86"]
[EventDate "2013.08.11"]
[EventType "swiss"]
[EventRounds "11"]
[EventCountry "FRA"]
[SourceTitle "CBM 156 Extra"]
[Source "ChessBase"]
[SourceDate "2013.10.22"]
[SourceVersion "1"]
[SourceVersionDate "2013.10.22"]
[SourceQuality "1"]

1. d4 c5 2. d5 d6 3. c4 g6 4. Nf3 Bg7 5. Nc3 Nf6 6. Qa4+ Bd7 7. Qb3 b6 8. e4 0-0 9. Be2 e6 10. 0-0 exd5 11. cxd5 Re8 12. Nd2 Qc8 13. Nc4 Bf8 14. f3 Nh5 15. g4 Ng7 16. Bf4 Qc7 17. Rad1 Kh8 18. Nb5 Bxb5 19. Qxb5 f6 20. a4 Rd8 21. a5 bxa5 22. Ra1 Nd7 23. Rxa5 Nb6 24. Rfa1 Nxc4 25. Bxc4 Rdb8 26. Qc6 Rb7 27. Bb5 Rab8 28. Qxc7 Rxc7 29. Rxa7 Rxa7 30. Rxa7 g5 31. Bg3 Kg8 32. Bd7 Rxb2 33. Be6+ Nxe6 34. dxe6 c4 35. e7 Bxe7 36. Rxe7 c3 37. Rc7 c2 38. Be1 Rb1 39. Rxc2 Rxe1+ 40. Kf2 Rd1 41. Ke2 Rh1 42. Ke3 Kf7 43. Rc7+ Kg6 1/2-1/2

[Event "FRA-ch op-B"]
[Site "Nancy"]
[Date "2013.08.14"]
[Round "3"]
[White "Ronce, Nathan"]
[Black "Da Silva, Quentin"]
[Result "1/2-1/2"]
[WhiteElo "1943"]
[BlackElo "1848"]
[PlyCount "76"]
[EventDate "2013.08.11"]
[EventType "swiss"]
[EventRounds "11"]
[EventCountry "FRA"]
[SourceTitle "CBM 156 Extra"]
[Source "ChessBase"]
[SourceDate "2013.10.22"]
[SourceVersion "1"]
[SourceVersionDate "2013.10.22"]
[SourceQuality "1"]

1. c4 Nf6 2. g3 g6 3. Bg2 Bg7 4. Nc3 0-0 5. e4 d6 6. Nge2 c5 7. 0-0 Nc6 8. d3 a6 9. h3 Rb8 10. a4 Bd7 11. Be3 Ne8 12. d4 cxd4 13. Nxd4 Nc7 14. Rb1 Ne6 15. Nde2 Na5 16. b3 b5 17. cxb5 axb5 18. b4 Nc4 19. a5 Nxe3 20. fxe3 Nc7 21. Nd5 Na6 22. Qd2 Be6 23. Nd4 Bxd4 24. Qxd4 Qd7 25. Nb6 Qa7 26. Rfc1 Rb7 27. Bf1 Nc7 28. Kh2 Na8 29. Nd5 Qxd4 30. exd4 Bxd5 31. exd5 Nc7 32. Bg2 Na6 33. Rc6 Ra8 34. Bf1 Nc7 35. Bg2 Na6 36. Bf1 Nc7 37. Bg2 Na6 38. Bf1 Nc7 1/2-1/2